000 00551nam a2200181 i 4500
001 8558
003 ES-MaACL
005 20230906145502.0
008 920715s1987 sp ||||1| spa d
020 _a84-7232-435-4
080 _a86.0(87)-14"19"
100 1 _aGerbasi, Vicente.
_956419
245 1 0 _aAntología poética /
_cVicente Gerbasi ; prólogo por Salvador Garmendia.
260 _aMadrid :
_bCultura Hispánica,
_c[1987]
300 _a198 p. :
_bretr. autor ;
_c20 cm.
700 1 _aGarmendia, Salvador.
_955582
852 _aES-MaACL
_jL-15966
999 _c8558
_d8558